zpět

Detail výsledku týmu

Bar U Souseda, Plzeň

Datum a čas kvízu

36.5 Celkem bodů Celkový počet nahraných bodů na tomto kvízu bez doplňovacích otázek.
6. Pořadí na kvízu Konečné umístění týmu na tomto kvízu.

Zaznamenané odpovědi

# Otázka Odpověď Body Výsledky
1. V Olomouci byli minulý týden p... propisku 1
2. Státníci kterých dvou zemí si... Japonsko (premiérka), Jižní Korea (prezident) 0
3. Jakub Hrůša získal minulý týde... dirigent (hudební ředitel) 1
4. Firma Mattel uvedla na trh nov... C 1
5. Česká republika získala zásluh... krasobruslení 1
6. Vaším úkolem v tématu bude odh... červenou, bílou 0.5
7. Teď se podíváme na domácí fotb... tři 1
8. Pojďme na hokej. Lev v logu BK... zelená 1
9. Na základě zobrazených barev l... Los Angeles Lakers 1
10. Které americké město oslavuje... Pittsburgh 0